000 01054nam a2200313 i 4500
001 bg
003 BPK
005 20200429133025.0
008 040406s2003 pl a |001 0 pol
015 _aPB 2004/6962
020 _a8320428823
040 _aWA N
_cBPK
041 0 _apol
080 _a621.315
080 _a696
080 _a(075.8)
100 1 _aMarkiewicz, Henryk
_d(1933- )
_eAutor
245 1 0 _aInstalacje elektryczne /
_cHenryk Markiewicz.
250 _aWyd. 5.
260 _aWarszawa :
_bWydawnictwa Naukowo-Techniczne,
_c2003.
300 _a471, [1] s. :
_brys., tab., wykr. ;
_c24 cm.
504 _aBibliogr. s. 461-467. Indeks.
521 8 _aDla studentów wydziałów elektrycznych oraz dla uczniów średnich szkół technicznych.
655 4 _aPodręczniki akademickie
650 4 _aInstalacje elektryczne
710 2 _aWydawnictwa Naukowo-Techniczne
_4pbl.
942 _2UKD
_cKS
856 _uhttp://koha.tu.koszalin.pl/cgi-bin/koha/opac-detail.pl?biblionumber=55156
_yKatalog online BPK
999 _c55156
_d55156